000 00750cam a2200241 4500
001 ABS62421
008 000000n2000 000 0 eng u
035 _a(Sirsi) u106590
100 _aHughes, D.
245 _aPost-millennium building trends
260 _c2000
490 _aArchitects' Journal
_v211(22) 8 June 2000, 45-47(3)
520 _aThe first report of a quarterly feature comments on DETR and RICS statistics and looks at existing trends and forecasts for the construction industry.
590 _aABS
650 _aDETR
650 _aRICS
650 _aFORECASTS
650 _aSTATISTICS
650 _aCONSTRUCTION INDUSTRY
690 _aBUILT ENVIRONMENT-CONSTRUCTION MARKET
700 _aWilliams-Lock, R.
942 _n0
999 _c63821
_d63821